000
00344 a2200169 4500
001
188356
020
_a
85-08-04193-4
040
_c
Magnum
100
_a
Penteado, Maria Heloísa
240
1
0
_a
Cinderela
_l
por
245
1
0
_a
Cinderela
300
_a
16
362
0
_a
1992
440
1
_a
Ática
697
_a
LITERATURA INFANTO
942
_c
BK
999
_c
188356
_d
188356